[Event "Col Ch "]
[Site "Ibague "]
[Date "2013.07.04"]
[Round "6.58"]
[White "Guzman, River"]
[Black "Otero Fajardo, Alvaro Antonio"]
[Result "1-0"]
[WhiteElo "1972"]
[BlackElo "1794"]
[PlyCount "93"]
[EventDate "2013.07.01"]
[EventType "swiss"]
[EventRounds "11"]
[EventCountry "COL"]
[SourceDate "2005.09.12"]

1. e4 c5 2. Nf3 d6 3. d4 cxd4 4. Nxd4 Nf6 5. Nc3 e6 6. Be2 a6 7. Bg5 Be7 8. Qd2
Nc6 9. O-O-O Bd7 10. Kb1 b5 11. Bxf6 gxf6 12. Bh5 Rc8 13. f4 Na5 14. f5 b4 15.
fxe6 Bxe6 16. Nxe6 bxc3 17. Nxd8 cxd2 18. Nxf7 Rc5 19. e5 Rg8 20. Nh6+ Kf8 21.
Nxg8 Kxg8 22. exd6 Bxd6 23. Rxd2 Nc4 24. Rd4 Be5 25. Rd8+ Kg7 26. Be2 Nxb2 27.
Bxa6 Na4 28. c4 Nc3+ 29. Kc2 Ra5 30. Bb7 Rxa2+ 31. Kb3 Re2 32. Rd7+ Kh6 33. Rf1
Na2 34. Rf3 Nc1+ 35. Ka4 Ra2+ 36. Ra3 Rf2 37. Be4 f5 38. Rh3+ Kg5 39. Bd5 Ne2
40. Kb4 h5 41. Ra3 Nd4 42. Ra8 Bxh2 43. Rg8+ Kf4 44. c5 Ke3 45. Re8+ Kf4 46. c6
Rb2+ 47. Kc3 1-0

[Event "Col Ch "]
[Site "Ibague "]
[Date "2013.07.04"]
[Round "6.59"]
[White "Arismendi Polanco, Efrain Stev"]
[Black "Valencia, Dario"]
[Result "1/2-1/2"]
[WhiteElo "1805"]
[BlackElo "1958"]
[PlyCount "54"]
[EventDate "2013.07.01"]
[EventType "swiss"]
[EventRounds "11"]
[EventCountry "COL"]
[SourceDate "2005.09.12"]

1. e4 c5 2. Nf3 d6 3. d4 cxd4 4. Nxd4 Nf6 5. Nc3 a6 6. f3 e5 7. Nb3 Be7 8. Be3
Be6 9. Qd2 d5 10. exd5 Nxd5 11. O-O-O Nxe3 12. Qxe3 Qc7 13. Nd5 Bxd5 14. Rxd5
Nc6 15. Bd3 Nb4 16. Ra5 Rc8 17. Kb1 Nxd3 18. Qxd3 O-O 19. Qe2 f6 20. a3 Rfd8
21. Rd1 Qc6 22. Rxd8+ Rxd8 23. Nd2 Qb6 24. Ra4 Qg1+ 25. Nf1 Rd4 26. Rxd4 Qxd4
27. Ne3 g6 1/2-1/2

[Event "Col Ch "]
[Site "Ibague "]
[Date "2013.07.04"]
[Round "6.60"]
[White "Palechor, Cesar Augusto"]
[Black "Piraquive, Alberto"]
[Result "1-0"]
[WhiteElo "1794"]
[BlackElo "1945"]
[PlyCount "76"]
[EventDate "2013.07.01"]
[EventType "swiss"]
[EventRounds "11"]
[EventCountry "COL"]
[SourceDate "2005.09.12"]

1. e4 c6 2. d4 d5 3. e5 c5 4. c3 Nc6 5. Nf3 Bg4 6. Bb5 e6 7. O-O Qb6 8. Bxc6+
bxc6 9. Nbd2 cxd4 10. cxd4 Ne7 11. Qb3 Qc7 12. Qc3 Nc8 13. Nb3 Rb8 14. Bf4 Nb6
15. Na5 c5 16. dxc5 Na4 17. Qe1 Bxf3 18. gxf3 Nxb2 19. Nb3 Nd3 20. Qe3 Nxf4 21.
Qxf4 Be7 22. Qa4+ Kf8 23. Rac1 g6 24. Nd4 Rc8 25. f4 Bxc5 26. Nb3 Qb6 27. Nxc5
Kg7 28. Nd7 Qb7 29. Nf6 Rhd8 30. Rxc8 Rxc8 31. Ne8+ Rxe8 32. Qxe8 Qa6 33. Rc1
Qxa2 34. Qe7 Qe2 35. Qf6+ Kh6 36. Qg5+ Kg7 37. h4 h5 38. Qf6+ Kh6 1-0

[Event "Col Ch "]
[Site "Ibague "]
[Date "2013.07.04"]
[Round "6.61"]
[White "Ospina Ortiz, Oscar Alexander"]
[Black "Gamboa, Jose Pompilio"]
[Result "1-0"]
[WhiteElo "1943"]
[BlackElo "1778"]
[PlyCount "99"]
[EventDate "2013.07.01"]
[EventType "swiss"]
[EventRounds "11"]
[EventCountry "COL"]
[SourceDate "2005.09.12"]

1. d4 d5 2. Nf3 Nc6 3. c4 e6 4. Nc3 Bb4 5. Bg5 f6 6. Bh4 Nge7 7. e3 O-O 8. Qb3
Kh8 9. Be2 a5 10. O-O Bxc3 11. Qxc3 Nf5 12. Bg3 Nxg3 13. hxg3 b6 14. Rac1 Ba6
15. Kh2 Ne7 16. Rh1 Nf5 17. b3 Nd6 18. Bd3 Ne4 19. Qc2 Bb7 20. Kg1 Rc8 21. Nh4
Kg8 22. f3 Ng5 23. g4 c5 24. dxc5 Rxc5 25. Kf2 b5 26. Bxh7+ Nxh7 27. Ng6 f5 28.
Nxf8 Qxf8 29. gxf5 exf5 30. Rh4 Nf6 31. Rch1 Qe7 32. Rf4 g6 33. Qc3 dxc4 34.
bxc4 b4 35. Qd3 g5 36. Rd4 Ba6 37. Rd6 Bb7 38. Rh6 Ne8 39. Rd7 Qe5 40. Rxb7
Qb2+ 41. Kg1 Qc1+ 42. Kh2 Qc3 43. Qd7 Qe5+ 44. f4 Rc7 45. Rg6+ Kf8 46. Rxc7
Qxc7 47. Rf6+ Nxf6 48. Qxc7 Ng4+ 49. Kg3 Nxe3 50. Qc5+ 1-0

[Event "Col Ch "]
[Site "Ibague "]
[Date "2013.07.04"]
[Round "6.62"]
[White "Ribero, Guillermo Andres"]
[Black "Palacio, Pablo Persi"]
[Result "1-0"]
[WhiteElo "1761"]
[BlackElo "1931"]
[PlyCount "28"]
[EventDate "2013.07.01"]
[EventType "swiss"]
[EventRounds "11"]
[EventCountry "COL"]
[SourceDate "2005.09.12"]

1. e4 c5 2. Nf3 e6 3. d4 cxd4 4. Nxd4 a6 5. c4 Nf6 6. Bd3 Qc7 7. O-O Nc6 8. Be3
d6 9. Nc3 Bd7 10. b3 Be7 11. f4 h5 12. h3 g6 13. Rc1 Qd8 14. Qe1 e5 1-0

[Event "Col Ch "]
[Site "Ibague "]
[Date "2013.07.04"]
[Round "6.63"]
[White "Jaramillo, Carlos Orlando"]
[Black "Cuevas Sanchez, Bramdon Daniel"]
[Result "1-0"]
[WhiteElo "1930"]
[BlackElo "1769"]
[PlyCount "43"]
[EventDate "2013.07.01"]
[EventType "swiss"]
[EventRounds "11"]
[EventCountry "COL"]
[SourceDate "2005.09.12"]

1. b4 e5 2. Bb2 d6 3. e3 Nf6 4. c4 Bf5 5. Nc3 Be7 6. Nf3 O-O 7. d4 exd4 8. Nxd4
Be6 9. Qf3 c6 10. Bd3 Nbd7 11. Nxe6 fxe6 12. Qh3 e5 13. O-O Nb6 14. Rad1 Qc7
15. f4 exf4 16. Rxf4 h6 17. Qe6+ Kh8 18. Qh3 Nbd7 19. Ne4 Rae8 20. Ng5 Qc8 21.
Rh4 Ng8 22. Rxh6+ 1-0

[Event "Col Ch "]
[Site "Ibague "]
[Date "2013.07.04"]
[Round "6.64"]
[White "Bravo, Juan Eduardo"]
[Black "Latorre, Franklin Leandro"]
[Result "0-1"]
[WhiteElo "1726"]
[BlackElo "1927"]
[PlyCount "64"]
[EventDate "2013.07.01"]
[EventType "swiss"]
[EventRounds "11"]
[EventCountry "COL"]
[SourceDate "2005.09.12"]

1. e4 c6 2. Nc3 d5 3. Nf3 Bg4 4. h3 Bh5 5. d3 e6 6. Bf4 Bb4 7. Bd2 Nd7 8. Qe2
Ne5 9. g4 Nxf3+ 10. Qxf3 Bg6 11. Bg2 dxe4 12. Nxe4 Bxe4 13. Qxe4 Bxd2+ 14. Kxd2
Qb6 15. Ke2 Qxb2 16. Rhc1 Nf6 17. Qc4 Qe5+ 18. Kf1 O-O 19. Rab1 Rab8 20. a4 Nd5
21. Re1 Qh2 22. Rb3 Nf4 23. Qe4 Nxh3 24. d4 Qg1+ 25. Ke2 Qxf2+ 26. Kd1 Ng5 27.
Qe2 Qxd4+ 28. Rd3 Qxa4 29. Qe3 Rbd8 30. Rh1 Rxd3+ 31. Qxd3 Qxg4+ 32. Bf3 Qxf3+
0-1

[Event "Col Ch "]
[Site "Ibague "]
[Date "2013.07.04"]
[Round "6.66"]
[White "Parra, Diego Alexander"]
[Black "Trujillo, Luis Angel"]
[Result "0-1"]
[WhiteElo "1922"]
[BlackElo "1682"]
[PlyCount "126"]
[EventDate "2013.07.01"]
[EventType "swiss"]
[EventRounds "11"]
[EventCountry "COL"]
[SourceDate "2005.09.12"]

1. d4 Nf6 2. Nf3 g6 3. Bg5 Bg7 4. Nbd2 d5 5. e3 Bf5 6. Ne5 Nbd7 7. g4 Be6 8.
Bd3 Nxe5 9. dxe5 Nxg4 10. f4 Nxe3 11. Qe2 Nf5 12. Nf3 c6 13. Rd1 Qa5+ 14. Kf2
Qb6+ 15. Kg2 Ne3+ 16. Kg3 Nxd1 17. Rxd1 h5 18. c3 Bh6 19. Bh4 Qc7 20. Nd4 Bg4
21. Nf3 O-O-O 22. Qe3 Kb8 23. Qc5 Rd7 24. Be2 f6 25. exf6 Qxf4+ 26. Kf2 Bxf3
27. Bg3 Qxg3+ 28. hxg3 Bxe2 29. Kxe2 exf6 30. Qd4 Re8+ 31. Kf1 Bg7 32. Re1
Rxe1+ 33. Kxe1 Re7+ 34. Kf1 b6 35. Qf4+ Kb7 36. Qd6 Rc7 37. Qe6 g5 38. Kg2 h4
39. gxh4 gxh4 40. Kh3 b5 41. Kxh4 Bf8 42. Qe8 Bd6 43. Qe6 Be5 44. Kg4 a5 45.
Kf3 a4 46. a3 Kb6 47. Ke2 Rh7 48. Kd1 Rh2 49. Qg8 Rxb2 50. Qd8+ Kc5 51. Kc1
Bxc3 52. Qe7+ Kc4 53. Qe6 c5 54. Qg4+ Kb3 55. Qd1+ Kxa3 56. Qxd5 c4 57. Qc5+
Ka2 58. Qd5 Be5 59. Qe4 a3 60. Qe3 b4 61. Qe4 c3 62. Qd5+ b3 63. Qe4 Bf4+ 0-1

[Event "Col Ch "]
[Site "Ibague "]
[Date "2013.07.04"]
[Round "6.68"]
[White "Vargas, Eduar Misael"]
[Black "Rosero, Hugo Alberto"]
[Result "1-0"]
[WhiteElo "1955"]
[BlackElo "1664"]
[PlyCount "97"]
[EventDate "2013.07.01"]
[EventType "swiss"]
[EventRounds "11"]
[EventCountry "COL"]
[SourceDate "2005.09.12"]

1. e4 c5 2. Nf3 d6 3. d4 cxd4 4. Nxd4 Nf6 5. Nc3 a6 6. Bg5 e6 7. f4 Be7 8. Bc4
Qc7 9. Bb3 O-O 10. O-O Nc6 11. Kh1 Re8 12. f5 Nxd4 13. Qxd4 h6 14. fxe6 fxe6
15. Be3 Ng4 16. Bg1 Bf6 17. Qd2 b5 18. Rad1 Be5 19. h3 Nf6 20. Bd4 b4 21. Bxe5
dxe5 22. Ne2 Nxe4 23. Qxb4 Bb7 24. Ba4 Re7 25. Qe1 Ng5 26. Ng1 Qc4 27. b3 Qxc2
28. Rf2 Qc7 29. Rfd2 Bd5 30. Rc1 Qb7 31. Qxe5 Rf8 32. Rdc2 Kh7 33. Bc6 Bxc6 34.
Rxc6 Rf5 35. Qd4 Ref7 36. Qd3 g6 37. Qd8 Rf2 38. Qd4 a5 39. h4 R2f4 40. Qxf4
Rxf4 41. Rc7+ Qxc7 42. Rxc7+ Nf7 43. Nh3 Rf5 44. g4 Rf6 45. Ra7 e5 46. Rxa5 e4
47. Ra4 Rf3 48. Kg2 Nd6 49. Rxe4 1-0

[Event "Col Ch "]
[Site "Ibague "]
[Date "2013.07.04"]
[Round "6.69"]
[White "Sosa Florez, Luis Felipe"]
[Black "Acosta Cubides, Jorian Jared"]
[Result "1/2-1/2"]
[WhiteElo "1738"]
[BlackElo "1971"]
[PlyCount "81"]
[EventDate "2013.07.01"]
[EventType "swiss"]
[EventRounds "11"]
[EventCountry "COL"]
[SourceDate "2005.09.12"]

1. d4 Nf6 2. Nf3 g6 3. c4 c5 4. Nc3 cxd4 5. Nxd4 Bg7 6. g3 O-O 7. Bg2 d6 8. O-O
Nbd7 9. b3 a6 10. Bb2 Nc5 11. e3 Rb8 12. Qc2 e5 13. Nde2 b5 14. cxb5 axb5 15.
e4 Qe7 16. Rfd1 b4 17. Nd5 Nxd5 18. Rxd5 Be6 19. Rdd1 f5 20. exf5 gxf5 21. Qd2
Rfd8 22. Bd5 Bxd5 23. Qxd5+ Qf7 24. f4 Ne4 25. fxe5 dxe5 26. Qxd8+ Rxd8 27.
Rxd8+ Bf8 28. Bxe5 Qe7 29. Rd5 Qa7+ 30. Bd4 Bc5 31. Rd1 Bxd4+ 32. R5xd4 Nc3 33.
Nxc3 bxc3 34. Kf1 Qxa2 35. Rd8+ Kf7 36. R1d7+ Ke6 37. Rd6+ Ke5 38. Rd5+ Kf6 39.
R5d6+ Kg5 40. Rg8+ Kh5 41. Rd4 1/2-1/2

[Event "Col Ch "]
[Site "Ibague "]
[Date "2013.07.04"]
[Round "6.70"]
[White "Cadavid, Juan Miguel"]
[Black "Restrepo, Jose Daniel"]
[Result "1-0"]
[WhiteElo "1862"]
[BlackElo "1944"]
[PlyCount "71"]
[EventDate "2013.07.01"]
[EventType "swiss"]
[EventRounds "11"]
[EventCountry "COL"]
[SourceDate "2005.09.12"]

1. e4 e5 2. Nf3 Nc6 3. d4 exd4 4. Nxd4 g6 5. Nxc6 bxc6 6. Be3 Bg7 7. Bd4 Bxd4
8. Qxd4 Qf6 9. Qxf6 Nxf6 10. Nc3 d5 11. exd5 cxd5 12. O-O-O c6 13. h3 h5 14.
Bd3 a5 15. Rhe1+ Kd8 16. Na4 Nd7 17. c4 dxc4 18. Bxc4 Rh7 19. Nb6 Rb8 20. Nxc8
Rxc8 21. Re3 f6 22. Kc2 Re7 23. Re6 Ke8 24. Rdd6 Rxe6 25. Bxe6 Rc7 26. Rxd7
Rxd7 27. Bxd7+ Kxd7 28. Kb3 Kc7 29. Ka4 Kb6 30. b4 axb4 31. Kxb4 f5 32. h4 f4
33. a4 g5 34. hxg5 h4 35. g6 f3 36. g7 1-0

[Event "Col Ch "]
[Site "Ibague "]
[Date "2013.07.04"]
[Round "6.71"]
[White "Botello, Gregory Paul"]
[Black "Torres, Jose Leonardo"]
[Result "1-0"]
[WhiteElo "1940"]
[BlackElo "1787"]
[PlyCount "33"]
[EventDate "2013.07.01"]
[EventType "swiss"]
[EventRounds "11"]
[EventCountry "COL"]
[SourceDate "2005.09.12"]

1. e4 c5 2. Nf3 d6 3. d4 cxd4 4. Nxd4 Nf6 5. Nc3 g6 6. Bf4 e5 7. Bg5 exd4 8.
Nd5 Bg7 9. Qf3 Nbd7 10. Bb5 Qa5+ 11. b4 Qd8 12. Bxd7+ Bxd7 13. Nxf6+ Bxf6 14.
Bxf6 Qb6 15. Bxh8 Qxb4+ 16. c3 Qb2 17. O-O 1-0

[Event "Col Ch "]
[Site "Ibague "]
[Date "2013.07.04"]
[Round "6.72"]
[White "Gomez, Jorge Leonardo"]
[Black "Marin, Alejandro"]
[Result "0-1"]
[WhiteElo "1838"]
[BlackElo "1923"]
[PlyCount "62"]
[EventDate "2013.07.01"]
[EventType "swiss"]
[EventRounds "11"]
[EventCountry "COL"]
[SourceDate "2005.09.12"]

1. d4 d5 2. c4 c6 3. Nc3 Nf6 4. Nf3 e6 5. e3 Nbd7 6. Bd3 dxc4 7. Bxc4 b5 8. Bb3
a6 9. O-O c5 10. d5 c4 11. dxe6 fxe6 12. Bc2 Bb7 13. Ng5 Nc5 14. Qe2 Bd6 15. e4
Qc7 16. f4 e5 17. Bd2 O-O 18. Nd5 Bxd5 19. exd5 exf4 20. Qf3 h6 21. Ne6 Nxe6
22. dxe6 Rae8 23. Rae1 Be5 24. Bxf4 Rxe6 25. Bxe5 Rxe5 26. Qc3 Rxe1 27. Qxe1
Re8 28. Qf2 Ng4 29. Qh4 Qc5+ 30. Kh1 Nf2+ 31. Kg1 Nd3+ 0-1

[Event "Col Ch "]
[Site "Ibague "]
[Date "2013.07.04"]
[Round "6.73"]
[White "Ordonez Gonzalez, Gabriel"]
[Black "Dabraccio, Guillermo"]
[Result "1/2-1/2"]
[WhiteElo "1909"]
[BlackElo "1752"]
[PlyCount "44"]
[EventDate "2013.07.01"]
[EventType "swiss"]
[EventRounds "11"]
[EventCountry "COL"]
[SourceDate "2005.09.12"]

1. c4 c6 2. Nc3 d5 3. cxd5 cxd5 4. d4 Nf6 5. e3 Nc6 6. Be2 e5 7. dxe5 Nxe5 8.
Nf3 Nc6 9. a3 Be7 10. O-O O-O 11. b4 a6 12. Bb2 Bg4 13. Qb3 h6 14. Rfd1 Be6 15.
Nd4 Bd6 16. Bf3 Nxd4 17. exd4 Ne4 18. Ne2 Bxh2+ 19. Kxh2 Qh4+ 20. Kg1 Qxf2+ 21.
Kh2 Qh4+ 22. Kg1 Qf2+ 1/2-1/2

[Event "Col Ch "]
[Site "Ibague "]
[Date "2013.07.04"]
[Round "6.75"]
[White "O Neil, Donovan"]
[Black "Aponte, Juan Camilo"]
[Result "0-1"]
[WhiteElo "1692"]
[BlackElo "1909"]
[PlyCount "29"]
[EventDate "2013.07.01"]
[EventType "swiss"]
[EventRounds "11"]
[EventCountry "COL"]
[SourceDate "2005.09.12"]

1. e4 e5 2. Nf3 Nc6 3. d4 exd4 4. Nxd4 Bc5 5. Be3 Qf6 6. c3 a6 7. Be2 Nge7 8.
O-O d5 9. f3 O-O 10. Qd2 Qg6 11. Kh1 dxe4 12. fxe4 Bxd4 13. cxd4 Qxe4 14. Nc3
Qg6 15. Bf4 0-1

[Event "Col Ch "]
[Site "Ibague "]
[Date "2013.07.04"]
[Round "6.76"]
[White "Sanchez Lopez, Luis Antonio"]
[Black "Carrillo, Custodio"]
[Result "0-1"]
[WhiteElo "1642"]
[BlackElo "1886"]
[PlyCount "68"]
[EventDate "2013.07.01"]
[EventType "swiss"]
[EventRounds "11"]
[EventCountry "COL"]
[SourceDate "2005.09.12"]

1. e4 c5 2. Nf3 d6 3. d4 cxd4 4. Nxd4 Nf6 5. Nc3 a6 6. Bd3 g6 7. O-O Bg7 8. Be3
O-O 9. Qd2 Re8 10. h3 Nc6 11. f4 Qc7 12. f5 b5 13. a3 Bb7 14. fxg6 hxg6 15. Nf3
Rac8 16. Bh6 Bh8 17. Rae1 Na5 18. Kh1 Nc4 19. Bxc4 Qxc4 20. e5 dxe5 21. Nxe5
Qh4 22. Bf4 Qxh3+ 23. Kg1 Qh5 24. Re3 Red8 25. Qf2 Ng4 26. Nxg4 Qxg4 27. Rg3
Qf5 28. Kh2 Bf6 29. Qe2 Qc5 30. Kh1 Rd7 31. Rxg6+ fxg6 32. Qe6+ Kg7 33. Qxd7
Rh8+ 34. Bh2 Qd5 0-1

[Event "Col Ch "]
[Site "Ibague "]
[Date "2013.07.04"]
[Round "6.77"]
[White "Cuervo, Alexander"]
[Black "Pena Mora, Carlos"]
[Result "1-0"]
[WhiteElo "1801"]
[BlackElo "1658"]
[PlyCount "27"]
[EventDate "2013.07.01"]
[EventType "swiss"]
[EventRounds "11"]
[EventCountry "COL"]
[SourceDate "2005.09.12"]

1. d4 d5 2. Nf3 Nf6 3. Bf4 e6 4. Nbd2 c5 5. dxc5 Bxc5 6. e3 Nc6 7. Nb3 Bb4+ 8.
c3 Bd6 9. Bg5 a6 10. Bd3 O-O 11. Bc2 Re8 12. Qd3 e5 13. Bxf6 e4 14. Qxd5 1-0

[Event "Col Ch "]
[Site "Ibague "]
[Date "2013.07.04"]
[Round "6.78"]
[White "Sandoval Guerrero, Juan David"]
[Black "Ricciulli Vargas, Roberth Elie"]
[Result "1/2-1/2"]
[WhiteElo "1501"]
[BlackElo "1762"]
[PlyCount "93"]
[EventDate "2013.07.01"]
[EventType "swiss"]
[EventRounds "11"]
[EventCountry "COL"]
[SourceDate "2005.09.12"]

1. e4 e5 2. Nf3 Nc6 3. Bc4 Bc5 4. Nc3 d6 5. h3 Nf6 6. d3 h6 7. O-O O-O 8. Na4
Bb6 9. Nxb6 axb6 10. a3 Re8 11. Nh2 Ne7 12. Qf3 Ng6 13. Qg3 Be6 14. Bxe6 Rxe6
15. Ng4 Nh5 16. Qf3 Nhf4 17. Kh2 Nh4 18. Qg3 h5 19. Bxf4 exf4 20. Qxf4 hxg4 21.
hxg4 Rh6 22. Kg1 Ng6 23. Qg3 Qh4 24. Qxh4 Rxh4 25. f3 Kf8 26. Kf2 Ke7 27. Ke3
Rh2 28. Rg1 Nh4 29. Kf2 Ng6 30. Rh1 Rxh1 31. Rxh1 Rh8 32. Rxh8 Nxh8 33. Kg3 g5
34. Kf2 Ke6 35. d4 Ng6 36. g3 d5 37. Ke3 f6 38. b3 Kd6 39. exd5 Kxd5 40. c4+
Ke6 41. d5+ Kd6 42. b4 c6 43. dxc6 bxc6 44. a4 c5 45. b5 Ke6 46. f4 gxf4+ 47.
gxf4 1/2-1/2

[Event "Col Ch "]
[Site "Ibague "]
[Date "2013.07.04"]
[Round "6.80"]
[White "Perez Lombana, Kevin Esteban"]
[Black "Jaramillo, Daniel Alejandro"]
[Result "0-1"]
[WhiteElo "1439"]
[BlackElo "1693"]
[PlyCount "54"]
[EventDate "2013.07.01"]
[EventType "swiss"]
[EventRounds "11"]
[EventCountry "COL"]
[SourceDate "2005.09.12"]

1. e4 c5 2. Nf3 Nc6 3. d4 cxd4 4. Nxd4 g6 5. Bd3 Nxd4 6. Be3 Bg7 7. Bc4 Nc6 8.
O-O Nf6 9. Nc3 O-O 10. Qd2 Ne5 11. Bb3 d6 12. Bh6 Qc7 13. Bxg7 Kxg7 14. Qd4 Nc6
15. Nd5 Qd8 16. Qc3 e6 17. Nxf6 Qxf6 18. Qxf6+ Kxf6 19. f4 a6 20. e5+ dxe5 21.
fxe5+ Kxe5 22. Rae1+ Kd6 23. g4 b5 24. g5 Na5 25. Rf3 Nxb3 26. Rd3+ Ke7 27.
cxb3 Rd8 0-1

[Event "Col Ch "]
[Site "Ibague "]
[Date "2013.07.05"]
[Round "7.1"]
[White "Barrientos, Sergio E"]
[Black "Mosquera, Miguel"]
[Result "0-1"]
[WhiteElo "2476"]
[BlackElo "2391"]
[PlyCount "78"]
[EventDate "2013.07.01"]
[EventType "swiss"]
[EventRounds "11"]
[EventCountry "COL"]
[SourceDate "2005.09.12"]
[WhiteClock "0:01:32"]
[BlackClock "0:05:29"]

1. e4 e6 2. d4 d5 3. Nc3 Bb4 4. e5 c5 5. a3 Bxc3+ 6. bxc3 Ne7 7. h4 Nbc6 8. h5
Qa5 9. Bd2 h6 10. Nf3 Bd7 11. Rh4 O-O-O 12. a4 c4 13. Rf4 Rdf8 14. g3 f6 15.
exf6 gxf6 16. Bh3 Qc7 17. Kf1 e5 18. Bxd7+ Qxd7 19. dxe5 Qh3+ 20. Kg1 fxe5 21.
Rxf8+ Rxf8 22. Nh4 Nf5 23. Ng2 Rg8 24. Qe2 Nd6 25. Qf3 Qe6 26. Re1 Ne4 27. Bc1
Ne7 28. Qe3 b6 29. Qxh6 Qxh6 30. Bxh6 Rh8 31. Rxe4 dxe4 32. Bg5 Kd7 33. g4 Rg8
34. Bxe7 Kxe7 35. Ne3 Kf6 36. Kg2 Kg5 37. Kg3 Rf8 38. Nf5 Rxf5 39. gxf5 Kxh5
0-1

[Event "Col Ch "]
[Site "Ibague "]
[Date "2013.07.05"]
[Round "7.2"]
[White "Gallego Alcaraz, Andres Felipe"]
[Black "Soto, Christian Camilo"]
[Result "0-1"]
[WhiteElo "2414"]
[BlackElo "2079"]
[PlyCount "108"]
[EventDate "2013.07.01"]
[EventType "swiss"]
[EventRounds "11"]
[EventCountry "COL"]
[SourceDate "2005.09.12"]
[WhiteClock "0:14:26"]
[BlackClock "0:29:00"]

1. d4 Nf6 2. Nf3 d5 3. c4 e6 4. Nc3 Be7 5. Bg5 O-O 6. e3 b6 7. Be2 Bb7 8. O-O
Nbd7 9. Rc1 c5 10. dxc5 Nxc5 11. Nd4 Nfe4 12. Bxe7 Qxe7 13. Nxe4 dxe4 14. Qc2
Rfd8 15. Rcd1 Rac8 16. Nb3 Nd7 17. Rd2 Ne5 18. Rfd1 Rxd2 19. Qxd2 h6 20. Qd4
Qg5 21. Kh1 Nd3 22. Kg1 Rd8 23. Qc3 Qf5 24. f3 exf3 25. Rxd3 fxe2 26. Rxd8+ Kh7
27. Qc1 Qg5 28. Qc2+ g6 29. Qxe2 Qxd8 30. Nd4 e5 31. Nb5 a6 32. Nc3 f5 33. h3
Qd7 34. Kh2 Kg7 35. Kg1 g5 36. Qc2 Kf6 37. Qb3 Qd6 38. Nd5+ Bxd5 39. cxd5 Qc5
40. Kh1 e4 41. Qa4 Qxd5 42. Qxa6 Qd1+ 43. Kh2 Qd6+ 44. Kh1 Qc5 45. Qe2 b5 46.
Qd2 Ke5 47. Qd8 Qxe3 48. Qc7+ Kd5 49. Qf7+ Kd4 50. Qd7+ Kc4 51. Qe6+ Kd3 52.
Qb3+ Kd2 53. Qxb5 f4 54. a4 Ke1 0-1

[Event "Col Ch "]
[Site "Ibague "]
[Date "2013.07.05"]
[Round "7.3"]
[White "Rengifo, Jose Ignacio"]
[Black "Martinez Romero, Martin"]
[Result "0-1"]
[WhiteElo "2133"]
[BlackElo "2402"]
[PlyCount "112"]
[EventDate "2013.07.01"]
[EventType "swiss"]
[EventRounds "11"]
[EventCountry "COL"]
[SourceDate "2005.09.12"]
[WhiteClock "0:09:38"]
[BlackClock "1:11:02"]

1. b3 Nf6 2. Bb2 d6 3. f4 Nc6 4. Nf3 Bg4 5. e3 e5 6. h3 Bxf3 7. Qxf3 e4 8. Bxf6
exf3 9. Bxd8 fxg2 10. Bxg2 Nxd8 11. Nc3 Be7 12. Nb5 Kd7 13. c4 c6 14. Nc3 Bf6
15. O-O-O Bxc3 16. dxc3 Kc7 17. f5 f6 18. Rd4 Nf7 19. Rg4 Rhg8 20. Rg1 Ne5 21.
Rh4 h6 22. Bh1 Rae8 23. Kd2 Kd7 24. Rg3 Kc7 25. a4 a5 26. Kc2 Nd7 27. Kd2 Nc5
28. Kc2 Re7 29. b4 Nd7 30. e4 Ra8 31. Kb3 Ne5 32. Rf4 b5 33. cxb5 cxb5 34. axb5
Kb6 35. Rf2 axb4 36. Rd2 Kxb5 37. Rd5+ Kc6 38. cxb4 Rea7 39. b5+ Kb6 40. Rxd6+
Kxb5 41. Rd5+ Kb6 42. Rxe5 fxe5 43. Kc4 Rc8+ 44. Kd5 Ra5+ 45. Kd6 Rc6+ 46. Kd7
Ra7+ 47. Kd8 Rf6 48. Rg6 Rxg6 49. fxg6 Kc6 50. Bf3 Kd6 51. Ke8 Ke6 52. Bg4+ Kf6
53. Bf5 Ra3 54. Kd7 Rf3 55. Be6 Rd3+ 56. Bd5 Rxh3 0-1

[Event "Col Ch "]
[Site "Ibague "]
[Date "2013.07.05"]
[Round "7.4"]
[White "Arenas, David"]
[Black "Sanchez, Sebastian Felipe"]
[Result "1/2-1/2"]
[WhiteElo "2437"]
[BlackElo "2328"]
[PlyCount "80"]
[EventDate "2013.07.01"]
[EventType "swiss"]
[EventRounds "11"]
[EventCountry "COL"]
[SourceDate "2005.09.12"]
[WhiteClock "0:31:13"]
[BlackClock "0:35:13"]

1. e4 c5 2. Nf3 e6 3. d4 cxd4 4. Nxd4 Nc6 5. Nc3 Qc7 6. Be2 a6 7. O-O Nf6 8.
Be3 Be7 9. Kh1 O-O 10. f4 d6 11. Qe1 Nxd4 12. Bxd4 b5 13. a3 Bb7 14. Qg3 Bc6
15. Rae1 Qb7 16. Bd3 Rae8 17. f5 e5 18. Be3 Kh8 19. Qh3 Nxe4 20. Nxe4 Bxe4 21.
Bxe4 Qxe4 22. Bg5 Qxc2 23. f6 Bxf6 24. Bxf6 gxf6 25. Rxf6 Re6 26. Qf3 Rxf6 27.
Qxf6+ Kg8 28. Qxd6 f6 29. h3 Qxb2 30. Rd1 Qb3 31. Rd3 Qf7 32. Qxa6 e4 33. Rg3+
Kh8 34. Qxb5 f5 35. Qe5+ Qf6 36. Qf4 Re8 37. a4 Qe5 38. Qxe5+ Rxe5 39. Kg1 Ra5
40. Rg5 e3 1/2-1/2

[Event "Col Ch "]
[Site "Ibague "]
[Date "2013.07.05"]
[Round "7.5"]
[White "Saladen, Rafael"]
[Black "Ruiz C, Joshua D"]
[Result "1-0"]
[WhiteElo "2207"]
[BlackElo "2409"]
[PlyCount "65"]
[EventDate "2013.07.01"]
[EventType "swiss"]
[EventRounds "11"]
[EventCountry "COL"]
[SourceDate "2005.09.12"]
[WhiteClock "1:09:36"]
[BlackClock "0:34:08"]

1. e4 c5 2. Nf3 d6 3. d4 cxd4 4. Nxd4 Nf6 5. Nc3 g6 6. Be3 Bg7 7. f3 Nc6 8. Qd2
O-O 9. O-O-O Nxd4 10. Bxd4 Be6 11. Kb1 Qc7 12. Bb5 Qa5 13. Ba4 Bxa2+ 14. Kxa2
b5 15. b4 Qxb4 16. Bb3 Qa5+ 17. Kb2 b4 18. Nd5 Nxd5 19. exd5 Qb5 20. Bxg7 Kxg7
21. Qd4+ Kg8 22. Rhe1 a5 23. Qc4 Qd7 24. Qg4 f5 25. Qh4 Ra7 26. Ra1 f4 27. Rxa5
Rf7 28. Rea1 Rxa5 29. Rxa5 Qf5 30. Qe1 Qf6+ 31. Ka2 Qd4 32. Ra8+ Kg7 33. Qa1
1-0

[Event "Col Ch "]
[Site "Ibague "]
[Date "2013.07.05"]
[Round "7.6"]
[White "Herrera, Juan Sebastian"]
[Black "Zuluaga, Cesar"]
[Result "1-0"]
[WhiteElo "2205"]
[BlackElo "2402"]
[PlyCount "59"]
[EventDate "2013.07.01"]
[EventType "swiss"]
[EventRounds "11"]
[EventCountry "COL"]
[SourceDate "2005.09.12"]

1. e4 c5 2. Nf3 e6 3. d4 cxd4 4. Nxd4 a6 5. Nc3 d6 6. Be2 Nf6 7. O-O Be7 8. Be3
Qc7 9. f4 O-O 10. Qe1 b5 11. a3 Bb7 12. Bf3 Nbd7 13. Qg3 Rfb8 14. Rad1 Bf8 15.
Kh1 Nc5 16. e5 Nfe4 17. Nxe4 Nxe4 18. Qg4 dxe5 19. fxe5 Nc5 20. b4 Na4 21. Nxe6
Bxf3 22. Rxf3 fxe6 23. Qxe6+ Kh8 24. Rd7 Qxc2 25. Qf7 Qb1+ 26. Rf1 Qg6 27. e6
Re8 28. e7 Bxe7 29. Rxe7 Rxe7 30. Qf8+ 1-0

[Event "Col Ch "]
[Site "Ibague "]
[Date "2013.07.05"]
[Round "7.7"]
[White "Panesso Rivera, Henry"]
[Black "Gutierrez, Ramon"]
[Result "1-0"]
[WhiteElo "2341"]
[BlackElo "2207"]
[PlyCount "51"]
[EventDate "2013.07.01"]
[EventType "swiss"]
[EventRounds "11"]
[EventCountry "COL"]
[SourceDate "2005.09.12"]
[WhiteClock "0:56:30"]
[BlackClock "0:01:00"]

1. c4 Nf6 2. g3 e6 3. Bg2 Be7 4. Nf3 O-O 5. O-O d6 6. d4 Nbd7 7. b3 Re8 8. Bb2
c5 9. e3 Qc7 10. Nc3 a6 11. d5 Nf8 12. dxe6 fxe6 13. e4 e5 14. Nh4 Ne6 15. Nd5
Nxd5 16. exd5 Nd4 17. Qh5 Rf8 18. Be4 h6 19. Qg6 Bxh4 20. Qh7+ Kf7 21. Bg6+ Kf6
22. f4 Ne2+ 23. Kh1 Bh3 24. gxh4 Bxf1 25. fxe5+ Ke7 26. Qxg7+ 1-0